00774cam a22002297a 4500003000500000005001700005008004100022010001000063011001000073020001500083035001000098040000900108082001300117100003800130245013600168260011000304300002200414490002700436650002100463700003300484830002700517CHAP20220329142419.0001213d2000 mx r 00110 esp d a83111 a84083 a9707040106 a94602 cCHAP04a361bM3200aSánchez Soler, María Dolores.10aProblemática del servicio social y propuestas para su mejoramientoc/por Ma. Dolores Sánchez Soler y Alejandro Mungaray Lagarda aMéxico, D. F. :bAsociación Nacional de Universidades e Instituciones de Educación Superior,c2000. a94 p. :bgráfs. 0aColección documentos14aServicio social.0 aMungaray Lagarda, Alejandro.0 aColección documentos